000 01627nas a22003017a 4500
003 AR-RoUNA
005 20251009154037.0
008 170315d xxub||p| ||||z00| z spa d
022 _a1518-238XP
040 _aAR-RoUNA
_bspa
_cFacultad de Arquitectura. UNR
041 _apor
044 _aag
110 _aUniversidad Federal de Río Grande del Sur/
_bPrograma de Investigación y Posgrado de Arquitectura
_911321
245 _aARQTEXTO
260 _aPorto Algre,
_bUniversidad Federal de Rio Grande do Sul (UFRGS),
_c2000
270 _aFarroupilha - State of Rio Grande do Sul,
_bPorto Alegre
_dBrasil
_e04870-470
_k(51) 3308.6000
_mppgarq@ufrgs.br; ccomas@uol.com.br
_pUniversidad Federal de Río Grande del Sur (UFRGS)
300 _bfot. col.
_bfot. byn.
_bplantas
_eImp
_a[s/n] :
_c27,5 x 22 cm
500 _aLa revista ARQTEXTO es la publicación semestral del Programa de Investigación y Posgrado de Arquitectura UFRGS. Su misión es contribuir al desarrollo del área de arquitectura a través de la publicación de artículos científicos inéditos, que constituyen contribuciones relevantes para el avance del conocimiento arquitectónico.
650 0 _aArquitectura
_9166
650 _aArquitectura
_911273
650 _aEnseñanza Universitaria
856 _u https://www.ufrgs.br/propar/arqtexto/index.htm
866 _a(2000: nº0); (2003: nº3/4); (2005: nº6-7); (2006: nº8); (2007: nº10/11); (2008: nº12-13); (2009: nº14); (2010/1: nº16-); (2010/2: nº17-13)
908 _aImp
942 _2udc
_cRECC
945 _aMBP
_d2017-03-29
980 _66
_aMirna Bonanno Potro
_gMirna Bonanno Potro
_86
999 _c12115
_d12115